| 000 | 00376cam a22001217a 4500 | ||
|---|---|---|---|
| 008 | 180718b1982 xxu||||| |||| 00| 0 eng d | ||
| 082 | _aA81x54 In2/71/13/PT9 | ||
| 100 | _aCensus of India 1971 | ||
| 245 | _aMeghalaya: census atlas | ||
| 260 |
_aShillong _bDirector of Census Operations _c1982 |
||
| 300 | _a182+p. | ||
| 440 | _aCensus of India 1971. Series-13, Meghalaya. Part-IX | ||
| 999 |
_c485350 _d485350 |
||